000 00504nam a2200181Ia 4500
001 3404
005 20260306145641.0
008 260306t1998||||xx |||||||||||||| ||spa||
041 _aESP
082 _a272.02
_bL81
100 _aLoarte, José Antonio
_eAUT
245 0 _aEl tesoro de los padres:
_bselección de textos de los Santos Padres para el cristianismo del tercer milenio
260 _c1998
300 _a398 páginas :
_c25 cm.
650 _aGEN
654 _aCHU
942 _cLIB
_dJUS
_fJUS
_2ddc
_n
999 _c3404
_d3404